Betriebswirtschaftslehre der öffentlichen Unternehmen und Verwaltungen - Öffentliche Betriebswirtschaftslehre.
V SRN výučba podnikového hospodárstva na 16 univerzitách a celom rade odborných škôl. Verejná správa sa chápe ako hospodárska jednotka. Obsahom štúdia je riadenie, plánovanie, organizácia a kontrola, financovanie a účtovníctvo. Potreba prípravy nových podnikateľov pre päť nových spolkových krajín.
Gespeichert in:
| 1. Verfasser: | |
|---|---|
| Format: | Buchkapitel |
| Sprache: | Deutsch |
| Schlagworte: | |
| Tags: |
Keine Tags, Fügen Sie das erste Tag hinzu!
|
MARC
| LEADER | 00000naa a2200000 4500 | ||
|---|---|---|---|
| 001 | r003745 | ||
| 005 | 20221130103928.5 | ||
| 041 | 0 | |a ger | |
| 044 | |a DE | ||
| 245 | 1 | 0 | |a Betriebswirtschaftslehre der öffentlichen Unternehmen und Verwaltungen - Öffentliche Betriebswirtschaftslehre. |c E. Siegsmund |
| 520 | |a V SRN výučba podnikového hospodárstva na 16 univerzitách a celom rade odborných škôl. Verejná správa sa chápe ako hospodárska jednotka. Obsahom štúdia je riadenie, plánovanie, organizácia a kontrola, financovanie a účtovníctvo. Potreba prípravy nových podnikateľov pre päť nových spolkových krajín. | ||
| 610 | 2 | 0 | |a vyučovanie |
| 610 | 2 | 0 | |a Nemecko |
| 610 | 2 | 0 | |a hospodárstvo podnikové |
| 610 | 2 | 0 | |a podnikanie |
| 610 | 2 | 0 | |a podnik |
| 610 | 2 | 0 | |a správa verejná |
| 100 | 1 | |a Siegsmund, E. | |